Rural Marketing and its Input with Special Reference to Colgate Palmolive India Ltd Jalgaon (Record no. 230064)
[ view plain ]
| 000 -LEADER | |
|---|---|
| fixed length control field | 00475nam a22001577a 4500 |
| 005 - DATE AND TIME OF LATEST TRANSACTION | |
| control field | 20240306145238.0 |
| 008 - FIXED-LENGTH DATA ELEMENTS--GENERAL INFORMATION | |
| fixed length control field | 240305b ||||| |||| 00| 0 eng d |
| 040 ## - CATALOGING SOURCE | |
| Transcribing agency | AL |
| 041 ## - LANGUAGE CODE | |
| Language code of text/sound track or separate title | eng |
| 082 ## - DEWEY DECIMAL CLASSIFICATION NUMBER | |
| Edition number | 23 |
| Classification number | 658.8 |
| Item number | RURA |
| 100 ## - MAIN ENTRY--PERSONAL NAME | |
| Personal name | Roshan D Souza |
| 100 ## - MAIN ENTRY--PERSONAL NAME | |
| 9 (RLIN) | 153266 |
| 245 ## - TITLE STATEMENT | |
| Title | Rural Marketing and its Input with Special Reference to Colgate Palmolive India Ltd Jalgaon |
| 260 ## - PUBLICATION, DISTRIBUTION, ETC. | |
| Place of publication, distribution, etc. | Mangalore |
| Name of publisher, distributor, etc. | St Aloysius College |
| Date of publication, distribution, etc. | 1997 |
| 700 ## - ADDED ENTRY--PERSONAL NAME | |
| Personal name | DSOUZA (Roshan) |
| 9 (RLIN) | 153060 |
| 942 ## - ADDED ENTRY ELEMENTS (KOHA) | |
| Source of classification or shelving scheme | Dewey Decimal Classification |
| Koha item type | Project Report |
| Withdrawn status | Lost status | Source of classification or shelving scheme | Damaged status | Not for loan | Collection code | Home library | Current library | Date acquired | Total Checkouts | Full call number | Barcode | Date last seen | Price effective from | Koha item type |
|---|---|---|---|---|---|---|---|---|---|---|---|---|---|---|
| Dewey Decimal Classification | Not for loan | Management | St Aloysius Library | St Aloysius Library | 01/25/1999 | 658.8 RURA | D01719 | 03/05/2024 | 03/05/2024 | Project Report |